00918 a2200193 4500003000500000005001700005010001700022020001500039035002300054040000900077082001500086100001900101245014500120260004400265300003400309505034000343650001900683700002200702Nust20220730130107.0 a 2004271239 a0321174089 a(OCoLC)ocm51453465 cNust00a004.68,ENG1 aEngst, Adam C.14aThe wireless networking starter kit :bthe practical guide to Wi-Fi networks for Windows and Macintosh /cby Adam Engst and Glenn Fleishman. aBerkeley, CA :bPeachpit Press,cc2003. axvi, 318 p. :bill. ;c24 cm. aWhy Wireless? (Page-1), Networking Basics (Page-21), How Wireless Works (Page-55), Connecting Your Computer (Page-79), Building Your Wireless Network (Page-113), Wireless Security (Page-163), Talking It On The Road (Page-199), Going The Distance (Page-223), Things That Go Bump In The Net (Page-257), The Future Of Wireless (Page-281). 0aWireless LANs.1 aFleishman, Glenn.